| 000 | 01435nam a2200181 a 4500 | ||
|---|---|---|---|
| 001 | 000029144 | ||
| 005 | 20200930055344.0 | ||
| 008 | 110413s2010 dr a 000 j spa d | ||
| 020 | _a9789945002737 | ||
| 040 |
_aDO-SdBNP _bspa _cBNPHU |
||
| 082 |
_axxx _bJ91 |
||
| 245 | 0 | 0 |
_aJuan Pablo Duarte : _b¿Qué me impresiona de ti? Cuentos galardonados en el V Concurso Literario Estudiantil 2008, Colegio Santa Teresita. |
| 260 |
_aSanto Domingo : _bComisión Permanente de Efémerides Patrias : _bConsorcio de Educación Cívica, _c2010. |
||
| 300 |
_a157 p. : _bil. ; _c18 cm. |
||
| 490 | 1 |
_aPublicaciones de la Comisión Permanente de Efémerides Patrias _vno. 34 |
|
| 505 | 2 | _aPresentación -- Entre la historia, el cuento y lo real / Frankelly Martínez -- Por una patria lectora / Amalia Incháustegui de Hernández -- Guía pedagógica para trabajar en las aulas -- Primer lugar : Todo ocurrió por un sueño / Fernando Alvarado José -- Segundo lugar : El diario proscrito / María del Mar Gómez Viyella -- Tercer lugar : Dios, Patria y Libertad / Gianna Yarull -- Mención honorífica : Memorias del ilustre Duarte / Laura Jiménez Sanó -- Construyendo un sueño llamado Patria / María Virginia Castaños -- El libro de las ideas / Karla Santos -- Cuentos sobre Duarte / José de Mondesert -- Revolución quiere decir cambio / Enilda Soto | |
| 830 | 0 |
_aPublicaciones de la Comisión Permanente de Efémerides Patrias _nno. 34 _956046 |
|
| 999 |
_c28636 _d28636 |
||